banner-ar

معارك الجيش المصرى فى العصر الحديث / (Record no. 63371)

MARC details
000 -الفاتح
حقل البيانات ثابتة الطول 02151nam a22003857a 4500
005 - وقت وتاريخ اخر تعامل مع التسجيلة
رقم الضبط 20240530110637.0
008 - عناصر البيانات ثابتة الطول - معلومات عامة
حقل البيانات ثابتة الطول 170925b ua ao f 000 0 ara d
017 ## - رقم الايداع القانونى
المصدر ( الهيئة المختصة) مصر. دار الكتب
040 ## - مصدر الفهرسة
وكالة الفهرسة الأصلية EG-CaGPL
وكالة النسخ EG-CaGPL
082 04 - رقم تصنيف ديوى العشرى
رقم الطبعة 21
رقم التصنيف 355.033062
رقم المادة ق/و ج
110 1# - المدخل الرئيسى - إسم هيئة
اسم الهيئة أو اسم السلطة كمدخل وزارة الدفاع
245 10 - بيان العنوان
العنوان معارك الجيش المصرى فى العصر الحديث /
بيان المسئوليه,etc وزارة الدفاع .
250 ## - بيان الطبعة
بيان الطبعة ط.1
300 ## - الوصف المادى
التعداد 10 ج :
تفاصيل ماديه اخرى للوعاء صور لو ؛
أبعاد الوعاء 20 سم .
650 07 - المدخل الاضافى بالموضوع-مصطلح موضوعى
مصدر الرأس أو المصطلح qrmak
مصطلح موضوعي الجيش المصرى القديم .
650 07 - المدخل الاضافى بالموضوع-مصطلح موضوعى
مصدر الرأس أو المصطلح qrmak
مصطلح موضوعي الحرب العالمية الثانية .
650 07 - المدخل الاضافى بالموضوع-مصطلح موضوعى
مصدر الرأس أو المصطلح qrmak
مصطلح موضوعي الحرب العالمية الاولى
650 07 - المدخل الاضافى بالموضوع-مصطلح موضوعى
مصدر الرأس أو المصطلح qrmak
مصطلح موضوعي حرب الاسكندرية
650 07 - المدخل الاضافى بالموضوع-مصطلح موضوعى
مصدر الرأس أو المصطلح qrmak
مصطلح موضوعي معركة رشيد
650 07 - المدخل الاضافى بالموضوع-مصطلح موضوعى
مصدر الرأس أو المصطلح qrmak
مصطلح موضوعي حرب جزر اليونان
650 07 - المدخل الاضافى بالموضوع-مصطلح موضوعى
مصدر الرأس أو المصطلح qrmak
مصطلح موضوعي معركة عكا
650 07 - المدخل الاضافى بالموضوع-مصطلح موضوعى
مصدر الرأس أو المصطلح qrmak
مصطلح موضوعي معركة بيلان
650 07 - المدخل الاضافى بالموضوع-مصطلح موضوعى
مصدر الرأس أو المصطلح qrmak
مصطلح موضوعي معركة قونية .
650 07 - المدخل الاضافى بالموضوع-مصطلح موضوعى
مصدر الرأس أو المصطلح qrmak
مصطلح موضوعي معركة نزيت
650 07 - المدخل الاضافى بالموضوع-مصطلح موضوعى
مصدر الرأس أو المصطلح qrmak
مصطلح موضوعي حرب الصرب
650 07 - المدخل الاضافى بالموضوع-مصطلح موضوعى
مصدر الرأس أو المصطلح qrmak
مصطلح موضوعي حروب المكسيك
650 07 - المدخل الاضافى بالموضوع-مصطلح موضوعى
مصدر الرأس أو المصطلح qrmak
مصطلح موضوعي حرب القرم
650 07 - المدخل الاضافى بالموضوع-مصطلح موضوعى
مصدر الرأس أو المصطلح qrmak
مصطلح موضوعي معركة انطاكية .
650 07 - المدخل الاضافى بالموضوع-مصطلح موضوعى
مصدر الرأس أو المصطلح qrmak
مصطلح موضوعي معركة عين جالوت .
651 07 - المدخل الاضافى بالموضوع - اسم جغرافى
مصدر الرأس أو المصطلح qrmak
الاسم الجغرافي مصر القديمة
التقسيم الفرعي العام معارك .
942 ## - عناصر المدخل الإضافي( كوها)
مصدر التصنيف او مخطط الترفيف Dewey Decimal Classification
Koha [default] item type كتاب
260 ## - PUBLICATION, DISTRIBUTION, ETC. (IMPRINT)
-- القاهرة :
-- وزارة الدفاع
505 00 - تبصرة محتويات-الفهرس
تبصرة المحتويات المصاغة الجزء الاول : معركة رشيد حروب شبه الجزيرة العربية -- الجزء الثانى : حرب جزراليونان الحروب المصرية التركية -- الجزء الثالث : معركة عكا -- الجزء الرابع معركة بيلان -- الجزء الخامس معركة قونية -- الجزء السادس : معركة نزيت -- الجزء السابع الحروب الروسية حرب القرم حروب المكسيك حرب الصرب -- الجزء الثامن حرب الاسكندرية و الثورة العرابية -- الجزء التاسع : الحرب العالمية الاولى -- الجزء العاشر الحرب العالمية الثانية .
Holdings
حالة التراجع حالة الفقد حالة تلف ليس للاعارة المكان المؤقت الموقع الحالى موقع الترفيف تاريخ الاكتساب اجمالي اﻻعارات رقم الطلب الباركود تاريخ اخر مشاهدة تاريخ تفعيل السعر نوع وعاء كوها
        مكتبة القاهرة الكبرى مكتبة القاهرة الكبرى   09/25/2017   355.033062 ق/و ج 163369 09/25/2017 09/25/2017 كتاب
        مكتبة القاهرة الكبرى مكتبة القاهرة الكبرى   09/25/2017   355.033062 ق/و ج 163370 09/25/2017 09/25/2017 كتاب
        مكتبة القاهرة الكبرى مكتبة القاهرة الكبرى   09/25/2017   355.033062 ق/و ج 163371 09/25/2017 09/25/2017 كتاب
        مكتبة القاهرة الكبرى مكتبة القاهرة الكبرى   09/25/2017   355.033062 ق/و ج 163372 09/25/2017 09/25/2017 كتاب
        مكتبة القاهرة الكبرى مكتبة القاهرة الكبرى   09/25/2017   355.033062 ق/و ج 163373 09/25/2017 09/25/2017 كتاب
        مكتبة القاهرة الكبرى مكتبة القاهرة الكبرى   09/25/2017   355.033062 ق/و ج 163374 09/25/2017 09/25/2017 كتاب
        مكتبة القاهرة الكبرى مكتبة القاهرة الكبرى   09/25/2017   355.033062 ق/و ج 163375 09/25/2017 09/25/2017 كتاب
        مكتبة القاهرة الكبرى مكتبة القاهرة الكبرى   09/25/2017   355.033062 ق/و ج 163376 09/25/2017 09/25/2017 كتاب
        مكتبة القاهرة الكبرى مكتبة القاهرة الكبرى   09/25/2017   355.033062 ق/و ج 163377 09/25/2017 09/25/2017 كتاب
        مكتبة القاهرة الكبرى مكتبة القاهرة الكبرى   09/25/2017   355.033062 ق/و ج 163378 09/25/2017 09/25/2017 كتاب

Powered By

EGPV